Ecstasy in Secular and Religious Experiences (Record no. 6384)

MARC details
000 -LEADER
fixed length control field 00608nam a2200241 a 4500
020 ## - INTERNATIONAL STANDARD BOOK NUMBER
ISBN 0874774
082 00 - DEWEY DECIMAL CLASSIFICATION NUMBER
Classification number 154.2
Author Cutter LAS
100 ## - MAIN ENTRY--AUTHOR NAME
Author name Laski, Marghanita
245 ## - TITLE STATEMENT
Title Ecstasy in Secular and Religious Experiences
260 ## - PUBLICATION, DISTRIBUTION, ETC. (IMPRINT)
Place of publication Los Angeles
Name of publisher Jeremy P Tarcher Inc
Year of publication 1990
300 ## - PHYSICAL DESCRIPTION
Number of Pages 544p
500 ## - GENERAL NOTE
General note includes index and biblioraphy
505 2# - FORMATTED CONTENTS NOTE
Formatted contents note Index
650 ## - SUBJECT ADDED ENTRY--TOPICAL TERM
Topical Term Ecstasy
942 ## - ADDED ENTRY ELEMENTS (KOHA)
Koha item type Books
700 1# -
-- Laski, Marghanita
Holdings
Collection code Home library Current library Date acquired Cost, normal purchase price Full call number Accession Number Koha item type
  Henry Martyn Institute Library Henry Martyn Institute Library 07/31/2007 367.50 154.2 LAS 014985 Books
                   Copyright © 2026 | Henry Martyn Institute | Hyderabad | TS-500052 | INDIA | Implemented by hmi.edu.in
Hit-Count:

Powered by Koha